00886nam a22003135i 450000100090000000300050000900500170001400800410003101000170007202000180008903800090010704000230011604200080013908200210014710000220016824500440019025000120023426300090024626400420025530000130029733600210031033700250033133800230035656300080037990600450038794200120043299900190044495201090046317861003NUST20220318111730.0130822s2013 ohu 000 0 eng  a 2013948647 a9781133943891 aSAIF aDLCbengerdacDLC apcc 2624.171a23bKAS1 aKassimali, Aslam.10aStructural analysis /cAslam Kassimali. a5th Ed. a1312 1aMason, OH :bCengage Learning,c2013. apages cm atext2rdacontent aunmediated2rdamedia avolume2rdacarrier aH.B a0bibccorignewd2eepcnf20gy-gencatlg 2ddccBK c588848d588848 00102ddc4070aNITbNITd2022-03-18l4o624.171 KASpNIT-13573r2025-01-10s2024-09-18w2022-03-18yBK